<?xml version="1.0" encoding="UTF-8"?><marc:collection xmlns:marc="http://www.loc.gov/MARC21/slim">
  <marc:record>
    <marc:leader>02252nam#a2200529#cb4500</marc:leader>
    <marc:controlfield tag="001">990065013900206441</marc:controlfield>
    <marc:controlfield tag="003">DE-605</marc:controlfield>
    <marc:controlfield tag="005">20251207210612.0</marc:controlfield>
    <marc:controlfield tag="007">tu</marc:controlfield>
    <marc:controlfield tag="008">950309|1992####xx#######m####|||#|#####c</marc:controlfield>
    <marc:datafield tag="016" ind1="7" ind2=" ">
      <marc:subfield code="a">916964701</marc:subfield>
      <marc:subfield code="2">OCoLC</marc:subfield>
    </marc:datafield>
    <marc:datafield tag="020" ind1=" " ind2=" ">
      <marc:subfield code="a">3631453426</marc:subfield>
      <marc:subfield code="c">brosch. : DM 79.00 (freier Pr.)</marc:subfield>
    </marc:datafield>
    <marc:datafield tag="035" ind1=" " ind2=" ">
      <marc:subfield code="a">(DE-605)HT004412433</marc:subfield>
    </marc:datafield>
    <marc:datafield tag="035" ind1=" " ind2=" ">
      <marc:subfield code="a">(OCoLC)916964701</marc:subfield>
    </marc:datafield>
    <marc:datafield tag="035" ind1=" " ind2=" ">
      <marc:subfield code="a">(DE-599)HBZHT004412433</marc:subfield>
    </marc:datafield>
    <marc:datafield tag="040" ind1=" " ind2=" ">
      <marc:subfield code="a">292</marc:subfield>
      <marc:subfield code="b">ger</marc:subfield>
      <marc:subfield code="c">DE-605</marc:subfield>
      <marc:subfield code="d">DE-605</marc:subfield>
      <marc:subfield code="e">rakwb</marc:subfield>
    </marc:datafield>
    <marc:datafield tag="049" ind1=" " ind2=" ">
      <marc:subfield code="a">DE-465</marc:subfield>
    </marc:datafield>
    <marc:datafield tag="049" ind1=" " ind2=" ">
      <marc:subfield code="a">DE-708</marc:subfield>
    </marc:datafield>
    <marc:datafield tag="049" ind1=" " ind2=" ">
      <marc:subfield code="a">DE-385</marc:subfield>
    </marc:datafield>
    <marc:datafield tag="049" ind1=" " ind2=" ">
      <marc:subfield code="a">DE-294</marc:subfield>
    </marc:datafield>
    <marc:datafield tag="049" ind1=" " ind2=" ">
      <marc:subfield code="a">DE-38</marc:subfield>
    </marc:datafield>
    <marc:datafield tag="049" ind1=" " ind2=" ">
      <marc:subfield code="a">DE-1116</marc:subfield>
    </marc:datafield>
    <marc:datafield tag="100" ind1="1" ind2=" ">
      <marc:subfield code="a">Siems, Dorothea</marc:subfield>
      <marc:subfield code="d">1963-</marc:subfield>
      <marc:subfield code="0">(DE-588)171158059</marc:subfield>
      <marc:subfield code="4">aut</marc:subfield>
      <marc:subfield code="e">Verfasser</marc:subfield>
    </marc:datafield>
    <marc:datafield tag="245" ind1="1" ind2="0">
      <marc:subfield code="a">Japans aussenwirtschafts- und entwicklungspolitische Strategien gegenüber China und ASEAN</marc:subfield>
      <marc:subfield code="b">ein Beitrag zu den Regionalisierungstendenzen im pazifisch-asiatischen Raum</marc:subfield>
      <marc:subfield code="c">Dorothea Siems</marc:subfield>
    </marc:datafield>
    <marc:datafield tag="264" ind1=" " ind2="1">
      <marc:subfield code="a">Frankfurt am Main [u.a.]</marc:subfield>
      <marc:subfield code="b">Lang</marc:subfield>
      <marc:subfield code="c">1992</marc:subfield>
    </marc:datafield>
    <marc:datafield tag="300" ind1=" " ind2=" ">
      <marc:subfield code="a">IX, 269 S. : graph. Darst.</marc:subfield>
    </marc:datafield>
    <marc:datafield tag="490" ind1="1" ind2=" ">
      <marc:subfield code="a">Europäische Hochschulschriften : Reihe 5, Volks- und Betriebswirtschaft</marc:subfield>
      <marc:subfield code="v">1334</marc:subfield>
    </marc:datafield>
    <marc:datafield tag="502" ind1=" " ind2=" ">
      <marc:subfield code="a">Berlin, Freie Univ., Diss., 1992</marc:subfield>
    </marc:datafield>
    <marc:datafield tag="689" ind1="0" ind2="0">
      <marc:subfield code="a">Japan</marc:subfield>
      <marc:subfield code="D">g</marc:subfield>
      <marc:subfield code="0">(DE-588)4028495-5</marc:subfield>
    </marc:datafield>
    <marc:datafield tag="689" ind1="0" ind2="1">
      <marc:subfield code="a">Außenwirtschaftspolitik</marc:subfield>
      <marc:subfield code="D">s</marc:subfield>
      <marc:subfield code="0">(DE-588)4003857-9</marc:subfield>
    </marc:datafield>
    <marc:datafield tag="689" ind1="0" ind2="2">
      <marc:subfield code="a">Association of Southeast Asian Nations</marc:subfield>
      <marc:subfield code="D">b</marc:subfield>
      <marc:subfield code="0">(DE-588)116362-0</marc:subfield>
    </marc:datafield>
    <marc:datafield tag="689" ind1="0" ind2="3">
      <marc:subfield code="a">Mitgliedsstaaten</marc:subfield>
      <marc:subfield code="D">s</marc:subfield>
      <marc:subfield code="0">(DE-588)4170174-4</marc:subfield>
    </marc:datafield>
    <marc:datafield tag="689" ind1="0" ind2="4">
      <marc:subfield code="a">China</marc:subfield>
      <marc:subfield code="D">g</marc:subfield>
      <marc:subfield code="0">(DE-588)4009937-4</marc:subfield>
    </marc:datafield>
    <marc:datafield tag="689" ind1="1" ind2="0">
      <marc:subfield code="a">Japan</marc:subfield>
      <marc:subfield code="D">g</marc:subfield>
      <marc:subfield code="0">(DE-588)4028495-5</marc:subfield>
    </marc:datafield>
    <marc:datafield tag="689" ind1="1" ind2="1">
      <marc:subfield code="a">Entwicklungspolitik</marc:subfield>
      <marc:subfield code="D">s</marc:subfield>
      <marc:subfield code="0">(DE-588)4014957-2</marc:subfield>
    </marc:datafield>
    <marc:datafield tag="689" ind1="1" ind2="2">
      <marc:subfield code="a">Association of Southeast Asian Nations</marc:subfield>
      <marc:subfield code="D">b</marc:subfield>
      <marc:subfield code="0">(DE-588)116362-0</marc:subfield>
    </marc:datafield>
    <marc:datafield tag="689" ind1="1" ind2="3">
      <marc:subfield code="a">Mitgliedsstaaten</marc:subfield>
      <marc:subfield code="D">s</marc:subfield>
      <marc:subfield code="0">(DE-588)4170174-4</marc:subfield>
    </marc:datafield>
    <marc:datafield tag="689" ind1="1" ind2="4">
      <marc:subfield code="a">China</marc:subfield>
      <marc:subfield code="D">g</marc:subfield>
      <marc:subfield code="0">(DE-588)4009937-4</marc:subfield>
    </marc:datafield>
    <marc:datafield tag="751" ind1=" " ind2=" ">
      <marc:subfield code="a">Berlin</marc:subfield>
      <marc:subfield code="4">uvp</marc:subfield>
      <marc:subfield code="e">Hochschulort</marc:subfield>
    </marc:datafield>
    <marc:datafield tag="830" ind1=" " ind2="0">
      <marc:subfield code="a">Europäische Hochschulschriften : Reihe 5, Volks- und Betriebswirtschaft</marc:subfield>
      <marc:subfield code="w">(DE-605)HT001253423</marc:subfield>
      <marc:subfield code="v">1334</marc:subfield>
    </marc:datafield>
    <marc:datafield tag="856" ind1="4" ind2="2">
      <marc:subfield code="m">V:DE-605;X:migimw</marc:subfield>
      <marc:subfield code="q">application/pdf</marc:subfield>
      <marc:subfield code="u">https://digitale-objekte.hbz-nrw.de/storage/2006/01/01/file_227/1103735.pdf</marc:subfield>
      <marc:subfield code="3">Inhaltsverzeichnis</marc:subfield>
      <marc:subfield code="9">O:PKN</marc:subfield>
    </marc:datafield>
    <marc:datafield tag="924" ind1="0" ind2=" ">
      <marc:subfield code="a">990065013900206441</marc:subfield>
      <marc:subfield code="b">DE-465</marc:subfield>
      <marc:subfield code="c">NRW</marc:subfield>
      <marc:subfield code="d">c</marc:subfield>
    </marc:datafield>
    <marc:datafield tag="924" ind1="0" ind2=" ">
      <marc:subfield code="a">990065013900206441</marc:subfield>
      <marc:subfield code="b">DE-708</marc:subfield>
      <marc:subfield code="c">NRW</marc:subfield>
      <marc:subfield code="d">c</marc:subfield>
    </marc:datafield>
    <marc:datafield tag="924" ind1="0" ind2=" ">
      <marc:subfield code="a">990065013900206441</marc:subfield>
      <marc:subfield code="b">DE-385</marc:subfield>
      <marc:subfield code="c">NRW</marc:subfield>
      <marc:subfield code="d">c</marc:subfield>
    </marc:datafield>
    <marc:datafield tag="924" ind1="0" ind2=" ">
      <marc:subfield code="a">990065013900206441</marc:subfield>
      <marc:subfield code="b">DE-294</marc:subfield>
      <marc:subfield code="c">NRW</marc:subfield>
      <marc:subfield code="d">c</marc:subfield>
    </marc:datafield>
    <marc:datafield tag="924" ind1="0" ind2=" ">
      <marc:subfield code="a">990065013900206441</marc:subfield>
      <marc:subfield code="b">DE-38</marc:subfield>
      <marc:subfield code="c">NRW</marc:subfield>
      <marc:subfield code="d">c</marc:subfield>
    </marc:datafield>
    <marc:datafield tag="924" ind1="0" ind2=" ">
      <marc:subfield code="a">990065013900206441</marc:subfield>
      <marc:subfield code="b">DE-1116</marc:subfield>
      <marc:subfield code="c">NRW</marc:subfield>
      <marc:subfield code="d">c</marc:subfield>
    </marc:datafield>
  </marc:record>
</marc:collection>
